| 000 | 00513nam a22001817a 4500 | ||
|---|---|---|---|
| 999 |
_c7586 _d7586 |
||
| 003 | GBCCL | ||
| 005 | 20241126110631.0 | ||
| 008 | 180828b ||||| |||| 00| 0 eng d | ||
| 040 | _cgbc | ||
| 082 |
_aVER 262.13 _bBAB |
||
| 245 |
_aBabylon Sahkhua Thuguk / _ccompiled by N Khamtuang Nathanael |
||
| 260 |
_aLamka: _bJamzachin, _c1995. |
||
| 300 | _a136p. ; | ||
| 650 |
_aCatholic Church -- Controversial literature. _913396 |
||
| 650 |
_aPapacy. _913397 |
||
| 650 |
_aCatholic Church. _913398 |
||
| 942 |
_2ddc _cBK |
||